El ministerio de la felicidad suprema /

Guardado en:
Detalles Bibliográficos
Autor principal: Roy, Arundhati (autor)
Otros autores: Ceriani, Cecilia (traducción) (traducción), Santoro, Txaro (traducción) (traducción)
Formato: Libro
Idioma:Español
Publicado: Barcelona, España : Anagrama, 2017, c2017
Colección:(Panorama de Narrativas ; 961)
Temas:
Etiquetas: Agrega una etiqueta
Sin etiquetas, Sé el primero en etiquetar este registro!

MARC

LEADER 00000nam^a2200000^a^4500
001 000422961
005 20250521000000.0
009 20260310122614.954
020 |a 978-84-339-7993-3 
037 |a Acervo ITESO - Biblioteca 
041 |a ESP 
082 |a 891. 4  |b ROY 
100 |a Roy, Arundhati  |e (autor) 
245 1 3 |a El ministerio de la felicidad suprema /  |c A. Roy ; tr. por C. Ceriani. 
264 4 |a Barcelona, España :  |b Anagrama,  |c 2017, c2017 
300 |a 512 p. 
336 |a texto  |b txt  |2 rdacontenido 
337 |a sin mediación  |b n  |2 rdamedio 
338 |a volumen  |b nc  |2 rdasoporte 
440 1 |a (Panorama de Narrativas ;  |v 961) 
500 |a Traducción de: The Ministry of Utmost Happiness 
521 |a FIL 2019 DIA 
545 0 |a Arundhati Roy (Shillong, antiguo estado de Assam, 1961), escritora y activista india de expresión inglesa. Criada en Kerala, estudia Arquitectura en la Universidad de Delhi. Autora de los guiones del telefilme In Which Annie Gives It Those Ones (1988) y de la película Electric Moon (1992), irrumpe plenamente en la escena literaria con El dios de las pequeñas cosas (1997): esta saga familiar, ambientada en Kerala, es comparada tanto con la narrativa de Gabriel García Márquez como con la de Salman Rushdie, además de ser galardonada con el Premio Booker y traducida a más de treinta idiomas. Ha publicado posteriormente volúmenes de ensayos políticos como El final de la imaginación (1998) y El álgebra de la justicia infinita (2001). 
649 |a XX 
650 |a Novela Histórica -  |z India 
650 |a Novela Hindú 
650 |a Literatura e Historia -  |z India 
650 |a Literatura en Inglés -  |z India 
650 |a Literatura Gay y Lésbica -  |z India 
650 |a Literatura de Mujeres -  |z India 
650 |a Literatura Hindú -  |y Siglo XXI 
650 |a Nueva Delhi, India en la Literatura 
650 |a Jammu y Cachemira, India en la Literatura 
650 |a Cachemira (Región) en la Literatura 
650 |a India -  |x Historia -  |y Siglo XX 
650 |a India -  |x Historia -  |y Período Independiente, 1947 en Adelante 
700 |a Ceriani, Cecilia  |e (traducción) 
700 |a Santoro, Txaro  |e (traducción) 
910 |a Fondo General 
920 |a Impresos - Libros 
930 |a Colección General 
940 |a Literatura 
905 |a 101 
901 |a 0500339806  |b IT1  |c LIT  |i C169142  |u 20250521 
902 |a https://opac.biblio.iteso.mx/vufind/Record/000422961